Estatísticas para Cultura Geral

Clique aqui para jogar o quiz

Estatísticas Gerais

  • Esse quiz foi jogado 4 vezes
  • A pontuação média é 5 de 15

Estatísticas das Respostas

HintResposta% Correto
Qual é o oposto do Sul?Norte
100%
Que nome damos a um veículo a motor de rodas utilizado para o transporte de passageiros?Carro
75%
Que nome damos ao período de rotação da Terra em que não é recebida a luz solar?Noite
75%
Que nome damos a um local ou empresa onde se fabrica, se vende ou se consome cerveja?Cervejaria
50%
Em que estado dos EUA podemos encontrar Maui?Havaí
50%
O que é o Monte Santa Helena?Vulcão
50%
Em que país podemos encontrar a cidade de Gresham?Estados Unidos
25%
Que nome damos ao conjunto de indivíduos de mesma espécie que vivem numa mesma área em um determinado período?População
25%
Em que país podemos encontrar Cihangir?Turquia
25%
Que nome damos ao equipamento utilizado no processo de destilação de bebidas alcoólicas?Alambique
0%
Qual é o maior rio da América do Norte?Columbia
0%
Que especialidade da biologia que estuda o meio ambiente e os seres vivos que vivem nele?Ecologia
0%
Que nome damos ao lugar onde o ser humano vive?Habitação
0%
Em que estado dos EUA podemos encontrar a cidade de Tualatin?Oregon
0%
Que nome damos às condições de saúde pública relacionadas à água potável e descarte adequado de excrementos humanos e esgoto?Saneamento
0%

Distribuição das Pontuações

Percentil de Números Respondidos

Porcentagem de Pessoas com Cada Pontuação

Sua Pontuação Histórica

Você não jogou esse quiz